| 000 | 01037nam a2200289 i 4500 | ||
|---|---|---|---|
| 003 | OSt | ||
| 005 | 20260125102038.0 | ||
| 008 | 260125s20252025my ao erb 000 0amay d | ||
| 020 |
_a9789672666998 _cRM 200.00 _qhardback |
||
| 040 |
_aPPAK _beng _cPPAK _erda |
||
| 082 | 0 | 0 |
_223 _a927.7415 |
| 090 | 0 | 4 |
_a927.7415 _bZUN _dKK |
| 100 | 0 |
_aZunar, _eauthor, _eillustrator. |
|
| 245 | 1 | 0 |
_aMELUKIS DENGAN HATI / _cOLEH ZUNAR ; Editor Tam Lye Suan |
| 246 | 3 | 4 |
_aMelukis dengan hati : _bsebuah biografi seni 50 tahun dalam bidang kartun |
| 264 | 1 |
_aKuala Lumpur : _bUniversity Book Store Malaysia, _c[2025] |
|
| 264 | 4 | _c©2025 | |
| 300 |
_a223 pages : _bcolour illustrations, colour photographs ; _c30 cm |
||
| 336 |
_atext _2rdacontent |
||
| 337 |
_aunmediated _2rdamedia |
||
| 338 |
_avolume _2rdacarrier |
||
| 650 | 1 | 0 |
_aCaricatures and cartoons _zMalaysia _vBiography |
| 650 | 2 | 0 |
_aCartoonists _vBiography _zMalaysia |
| 650 | 2 | 0 |
_aCartoon captions _vBiography |
| 700 | 1 |
_aTam, Lye Suan, _eeditor. |
|
| 942 |
_2ddc _cB |
||
| 999 |
_c202832 _d202832 |
||